000 02238nam a2200325 i 4500
003 CO-MqBPB
005 20220603111604.0
007 ta
008 171002s2008 ck a g 000 0 spa
020 _a9789585579200
040 _aCO-MqBPB
_bspa
_erda
_cCO-MqBPB
041 _aspa
084 _aAN GARo
100 1 _aGarcía Márquez, Gabriel
_d1928-2014
_9176675
245 1 3 _aEl otoño del patriarca /
_cGabriel Gárcia Márquez
250 _aPrimera edición
_bSegunda reimpresión
260 _aBogotá D.C. , Colombia
_bPenguin Random House Grupo editorial
_c2022
264 1 _aBogotá
_bVerticales de bolsillo
_c2008
300 _a299 páginas
_c19 cm
336 _atexto
_btxt
_2rdacontent
337 _asin mediación
_bn
_2rdamedia
338 _avolumen
_bnc
_2rdacarrier
490 0 _aColección Premios Nobel de Literatura
500 _aGabriel García Márquez construyó, en El otoño del patriarca, una maquinaria narrativa perfecta que desgrana una historia universal -la agonía y muerte de un dictador- en forma cíclica, experimental y real al mismo tiempo, en seis bloques narrativos sin diálogos, sin puntos y aparte, repitiendo una anécdota siempre igual y siempre distinta, acumulando hechos y descripciones deslumbrantes. Novela escrita en Barcelona entre 1968 y 1975, El otoño del patriarca deja asomar en su trasfondo el acontecimiento más importante de la historia española de aquellos años, la muerte del general Franco, aunque su contexto y estilo sean, como siempre con García Márquez, el de la asombrosa realidad latinoamericana, que el autor ha elevado una vez más a la dignidad del mito. «Durante el fin de semana los gallinazos se metieron por los balcones de la casa presidencial, destrozaron a picotazos las mallas de alambre de las ventanas y removieron con sus alas el tiempo estancado en el interior, y en la madrugada del lunes la ciudad despertó de su letargo de siglos con una tibia y tierna brisa de muerto grande y de podrida grandeza.»
650 1 7 _aNovela colombiana
_ySiglo XX
_2LEMB
_9176676
650 1 7 _aLiteratura colombiana
_ySiglo XX
_2LEMB
_9176677
650 1 7 _aRealismo mágico
_vNovela
_2LEMB
_9104131
650 1 7 _aDictadores
_vNovela
_2LEMB
_9176678
942 _cBKLIT
999 _c14275
_d14275